| 000 | 00588nam a22001937a 4500 | ||
|---|---|---|---|
| 003 | OSt | ||
| 005 | 20140310183017.0 | ||
| 008 | 130212t xxu||||| |||| 00| 0 eng d | ||
| 020 | _a9789715849227 | ||
| 050 |
_aRT 81.5 _b.C868 2009 |
||
| 100 | _aCristobal , Amadeo | ||
| 245 |
_aGuidebook in research writing : _cAmadeo Cristobal, Maura Consolacion dela Cruz-Cristobal _bpreparing the nursing thesis proposal / |
||
| 260 |
_aQuezon City : _bC & E Publishing Inc., _c2009. |
||
| 300 |
_a159 p. : _c 25 cm. |
||
| 521 | _aNUR | ||
| 562 | _e1 | ||
| 942 |
_2lcc _cBK _kLOC |
||
| 999 |
_c18318 _d18318 |
||